Internacionalizácia vzdelávania ekonómov a manažérov a výzvy dialógu Európa - Latinská Amerika

Latinská Amerika - imidž verzus realita. Inštitucionálne rámce dialógu medzi Európou a Latinskou Amerikou. Iberoamerické spoločenstvo národov. Perspektívy biregionálnej spolupráce LAK - EÚ očami študentov, pedagógov a manažérov.

Gespeichert in:
Bibliographische Detailangaben
1. Verfasser: Lenghardtová, Jana
Weitere Verfasser: Paľková, Jana
Format: Buchkapitel
Sprache:Slowakisch
Schlagworte:
Tags: Tag hinzufügen
Keine Tags, Fügen Sie das erste Tag hinzu!

MARC

LEADER 00000naa a2200000 4500
001 0163671
005 20240502072839.6
041 0 |a slo 
044 |a SK 
245 1 0 |a Internacionalizácia vzdelávania ekonómov a manažérov a výzvy dialógu Európa - Latinská Amerika  |c Jana Lenghardtová, Jana Paľková 
520 |a Latinská Amerika - imidž verzus realita. Inštitucionálne rámce dialógu medzi Európou a Latinskou Amerikou. Iberoamerické spoločenstvo národov. Perspektívy biregionálnej spolupráce LAK - EÚ očami študentov, pedagógov a manažérov. 
610 2 0 |a univerzity 
610 2 0 |a vzdelávanie vysokoškolské 
610 2 0 |a Európa 
610 2 0 |a Latinská Amerika 
100 1 |a Lenghardtová, Jana 
700 1 |a Paľková, Jana